000
00275nam a22001337a 4500
003
SGT
082
_a
330.065,PAL
100
_a
PAL,KARAM
245
_a
MANAGERIAL ECONOMICS
260
_a
NEW DELHI
_b
EXCEL BOOKS
_c
2010
300
_a
407
650
_a
ECONOMICS
942
_2
ddc
_c
BK
999
_c
9586
_d
9586